Compendio de biografías colombianas : (Registro nro. 3416)
[ vista simple ]
| 000 -LEADER | |
|---|---|
| fixed length control field | 01157nam a2200253Ia 4500 |
| 003 - CONTROL NUMBER IDENTIFIER | |
| control field | OSt |
| 005 - DATE AND TIME OF LATEST TRANSACTION | |
| control field | 20210119115939.0 |
| 008 - FIXED-LENGTH DATA ELEMENTS--GENERAL INFORMATION | |
| fixed length control field | 191128s2000 ck a gr 000 0 spa d |
| 020 ## - INTERNATIONAL STANDARD BOOK NUMBER | |
| International Standard Book Number | 9583002135 |
| 040 ## - CATALOGING SOURCE | |
| Original cataloging agency | CO-JMCR |
| Transcribing agency | CO-JMCR |
| 041 0# - LANGUAGE CODE | |
| Language code of text/sound track or separate title | spa |
| 082 04 - DEWEY DECIMAL CLASSIFICATION NUMBER | |
| Classification number | 920.086 / |
| Item number | N834c1 |
| Edition number | 23 |
| 100 1# - MAIN ENTRY--PERSONAL NAME | |
| Personal name | Noreña Blanco, María Isabel, |
| Relator term | autora |
| 9 (RLIN) | 10834 |
| 245 10 - TITLE STATEMENT | |
| Title | Compendio de biografías colombianas : |
| Remainder of title | literatura, historia, música, artes plásticas, ciencia / |
| Statement of responsibility, etc. | María Isabel Noreña Blanco y Fernando Cortés |
| 250 ## - EDITION STATEMENT | |
| Edition statement | Segunda edición |
| 260 ## - PUBLICATION, DISTRIBUTION, ETC. | |
| Place of publication, distribution, etc. | Bogotá : |
| Name of publisher, distributor, etc. | Panamericana, |
| Date of publication, distribution, etc. | 2000 |
| 300 ## - PHYSICAL DESCRIPTION | |
| Extent | [335] páginas : |
| Other physical details | ilustraciones a blanco y negro ; |
| Dimensions | 23 cm. |
| 505 3# - FORMATTED CONTENTS NOTE | |
| Formatted contents note | Prólogo -- Literatura -- Soledad Acosta de Samper -- Gustavo Álvarez Gardeazábal -- Gonzalo Arango Arias -- Germán Arciniegas Angueyra -- Aureliano Arturo -- Porfilio Barba Jacob -- Eduardo Caballero Calderón -- Andrés Caicedo |
| 650 14 - SUBJECT ADDED ENTRY--TOPICAL TERM | |
| Topical term or geographic name entry element | Historiadores colombianos |
| General subdivision | biografías |
| 9 (RLIN) | 10852 |
| 650 14 - SUBJECT ADDED ENTRY--TOPICAL TERM | |
| Topical term or geographic name entry element | Músicos colombianos |
| General subdivision | biografías |
| 9 (RLIN) | 10853 |
| 650 14 - SUBJECT ADDED ENTRY--TOPICAL TERM | |
| Topical term or geographic name entry element | Pintores colombianos |
| General subdivision | biografías |
| 9 (RLIN) | 10854 |
| 700 1# - ADDED ENTRY--PERSONAL NAME | |
| Personal name | Cortés, Fernando, |
| Relator term | autor |
| 9 (RLIN) | 9904 |
| 942 ## - ADDED ENTRY ELEMENTS (KOHA) | |
| Source of classification or shelving scheme | Dewey Decimal Classification |
| Koha item type | Books |
| Withdrawn status | Lost status | Source of classification or shelving scheme | Damaged status | Not for loan | Collection code | Home library | Current library | Date acquired | Source of acquisition | Total Checkouts | Full call number | Barcode | Date last seen | Date last checked out | Copy number | Koha item type |
|---|---|---|---|---|---|---|---|---|---|---|---|---|---|---|---|---|
| Dewey Decimal Classification | Non-fiction | Biblioteca Pública José María del Castillo y Rada | Biblioteca Pública José María del Castillo y Rada | 07/18/2018 | Donación | 1 | 920.086 / N834c1 | 201807265 | 03/10/2026 | 03/10/2026 | Ej.1 | Books |